| 000 | 01211cam a2200373 a 4500 | ||
|---|---|---|---|
| 001 | 4331 | ||
| 003 | FISKH | ||
| 005 | 20240722133814.0 | ||
| 008 | 000314s2001 nyua b 000 1 eng | ||
| 010 | _a 00029720 | ||
| 020 | _a0439179335 | ||
| 020 | _a9780439594264 | ||
| 040 |
_aDLC _cDLC _dDLC _beng |
||
| 050 | _aPZ8.S4688 | ||
| 082 | _a813.6 | ||
| 100 | 1 | _aSerfozo, Mary. | |
| 245 | 1 | 4 |
_aThe big bug dug / _cby Mary Serfozo ; illustrated by Jeffrey Scherer. |
| 260 |
_aNew York : _bScholastic, _c2001. |
||
| 300 |
_a30 unnumbered pages : _bcolor illustrations ; _c23 cm |
||
| 440 | 0 | _aMy first hello reader! | |
| 500 | _a"Cartwheel Books." | ||
| 500 | _a"With game cards." | ||
| 505 | _aE | ||
| 520 | _aLooking for a quiet place to sleep, a big bug digs down past a snake, a slug, a worm, and down even more. Includes punch-out game cards and skill-building activity pages. | ||
| 521 |
_a280
_bLexile |
||
| 521 |
_aE
_bRaz-Plus |
||
| 650 | 1 |
_aInsects _vFiction. |
|
| 650 | 1 |
_aAnimals _vFiction. |
|
| 650 | 1 | _aStories in rhyme. | |
| 700 | 1 |
_aScherer, Jeffrey, _eillustrator |
|
| 906 |
_a7 _bcbc _corignew _d1 _eocip _f20 _gy-gencatlg |
||
| 942 |
_2ddc _cBK _n0 |
||
| 999 |
_c4331 _d4331 |
||